[Event "PAN-ch"]
[Site "Panama"]
[Date "2012.06.09"]
[Round "3"]
[White "Baules Rodriguez, Jorge Luis"]
[Black "Mathews, Bryan"]
[Result "1/2-1/2"]
[WhiteElo "2359"]
[BlackElo "2038"]
[PlyCount "111"]
[EventDate "2012.06.07"]
[EventType "tourn"]
[EventRounds "9"]
[EventCountry "PAN"]
[SourceTitle "CBM 149 Extra"]
[Source "ChessBase"]
[SourceDate "2012.08.24"]
[SourceVersion "1"]
[SourceVersionDate "2012.08.24"]
[SourceQuality "1"]

1. d4 Nf6 2. Nf3 g6 3. g3 Bg7 4. Bg2 d5 5. 0-0 0-0 6. c4 dxc4 7. Na3 c3 8. bxc3 c5 9. Bb2 Nc6 10. Re1 Qa5 11. e4 Rd8 12. Qb3 e6 13. Rad1 Bd7 14. Nc4 Qa6 15. Bf1 b5 16. Nce5 c4 17. Qc2 Rab8 18. Bc1 h6 19. Bf4 Rbc8 20. Nxd7 Rxd7 21. h4 Rcd8 22. Bh3 Nh5 23. Be3 Rb7 24. d5 exd5 25. exd5 Ne7 26. Bd4 Rxd5 27. Bg2 Rbd7 28. Nh2 R5d6 29. Bh3 f5 30. Nf3 b4 31. Bf1 Kh7 32. Bxg7 Rxd1 33. Rxd1 Rxd1 34. Qxd1 Nxg7 35. Qd4 bxc3 36. Bxc4 Qa3 37. Qe3 Qb4 38. Bb3 a5 39. Nd4 Qc5 40. Qd3 Nc6 41. Ne2 c2 42. Qxc2 Qxc2 43. Bxc2 Ne6 44. h5 Ncd4 45. hxg6+ Kxg6 46. Nxd4 Nxd4 47. Bd3 Kf6 48. Kf1 Ke5 49. f4+ Kf6 50. Kf2 Ke6 51. Ke3 Kd5 52. Kd2 Kd6 53. Kc3 Kc5 54. Kd2 Kd6 55. Ke3 Kd5 56. Kd2 1/2-1/2

[Event "PAN-ch"]
[Site "Panama"]
[Date "2012.06.08"]
[Round "2"]
[White "Mathews, Bryan"]
[Black "Arosemena Torrijos, Jorge Luis"]
[Result "1-0"]
[WhiteElo "2038"]
[BlackElo "2164"]
[PlyCount "57"]
[EventDate "2012.06.07"]
[EventType "tourn"]
[EventRounds "9"]
[EventCountry "PAN"]
[SourceTitle "CBM 149 Extra"]
[Source "ChessBase"]
[SourceDate "2012.08.24"]
[SourceVersion "1"]
[SourceVersionDate "2012.08.24"]
[SourceQuality "1"]

1. e4 e5 2. Nf3 Nc6 3. Bb5 a6 4. Ba4 Nf6 5. Qe2 b5 6. Bb3 Be7 7. a4 Rb8 8. axb5 axb5 9. c3 0-0 10. 0-0 d6 11. d3 Bd7 12. Nbd2 Nh5 13. g3 Kh8 14. d4 exd4 15. Nxd4 Nxd4 16. cxd4 Qc8 17. Re1 g6 18. Nf3 Bf6 19. e5 dxe5 20. dxe5 Bg7 21. Ng5 Be6 22. Nxe6 fxe6 23. Qe4 Rf5 24. f4 Bh6 25. Rf1 Rf7 26. g4 Qg8 27. Bxe6 Rxf4 28. Bxf4 Qxe6 29. Bxh6 1-0

[Event "Panama op 1st"]
[Site "Panama City"]
[Date "2011.11.05"]
[Round "6"]
[White "Mathews, Bryan"]
[Black "Alvarez Marquez, Johan"]
[Result "0-1"]
[WhiteElo "2034"]
[BlackElo "2398"]
[PlyCount "101"]
[EventDate "2011.11.03"]
[EventType "swiss"]
[EventRounds "9"]
[EventCountry "PAN"]
[SourceTitle "EXT 2012"]
[Source "ChessBase"]
[SourceDate "2011.11.24"]
[SourceVersion "1"]
[SourceVersionDate "2011.11.24"]
[SourceQuality "1"]

1. d4 d5 2. Bf4 Nf6 3. e3 e6 4. Nd2 Be7 5. Bd3 0-0 6. Ngf3 c5 7. c3 Qb6 8. Qb3 c4 9. Qxb6 axb6 10. Bc2 b5 11. Bxb8 Rxb8 12. a3 Nd7 13. e4 Rd8 14. exd5 exd5 15. 0-0 Nb6 16. Rfe1 Bf8 17. Nf1 Bd7 18. Ne3 g6 19. Ne5 Be8 20. Re2 f6 21. Nf3 Bf7 22. Rae1 Re8 23. Nd1 Bh6 24. Rxe8+ Rxe8 25. Rxe8+ Bxe8 26. Ne3 Kf7 27. Kf1 Bd7 28. Ke2 Be6 29. Nd2 f5 30. Nf3 Nd7 31. h3 Ke7 32. Nd2 f4 33. Ng4 Bg7 34. f3 h5 35. Nf2 Kd8 36. Nd1 Nb6 37. Kf2 Bf8 38. Ke2 Be7 39. Kf2 Nc8 40. Nf1 Nd6 41. Ke2 Bf7 42. Kd2 Bh4 43. Ke2 Nf5 44. Kd2 Bf6 45. Bxf5 gxf5 46. Nf2 Bh4 47. Ke2 Ke7 48. Nd2 Kd6 49. Kf1 Bf6 50. Ke2 Ke6 51. Nf1 0-1

[Event "Olympiad-38"]
[Site "Dresden"]
[Date "2008.11.25"]
[Round "11"]
[White "Slimani, Anis"]
[Black "Mathews, Bryan"]
[Result "0-1"]
[WhiteElo "1956"]
[BlackElo "2032"]
[PlyCount "92"]
[EventDate "2008.11.13"]
[EventType "team-swiss"]
[EventRounds "11"]
[EventCountry "GER"]
[SourceTitle "CBM 128"]
[Source "ChessBase"]
[SourceDate "2009.01.28"]
[SourceVersion "1"]
[SourceVersionDate "2009.01.28"]
[SourceQuality "1"]
[WhiteTeam "Algeria"]
[BlackTeam "Panama"]
[WhiteTeamCountry "ALG"]
[BlackTeamCountry "PAN"]

1. e4 c5 2. c3 d5 3. exd5 Qxd5 4. d4 Nc6 5. Nf3 Bg4 6. Be2 cxd4 7. cxd4 e6 8. Nc3 Bb4 9. 0-0 Bxc3 10. bxc3 Nf6 11. Ba3 0-0-0 12. Qa4 Qa5 13. Qxa5 Nxa5 14. h3 Bxf3 15. Bxf3 Nc4 16. Be7 Rd7 17. Bxf6 gxf6 18. Rfd1 Rhd8 19. Rab1 Rc7 20. Rb5 f5 21. Be2 Nd6 22. Rb3 Kb8 23. Bd3 Rdc8 24. Rc1 Nc4 25. Rb4 a5 26. Rxc4 Rxc4 27. Bxc4 Rxc4 28. Kf1 Kc7 29. Ke2 Kc6 30. Kd3 Ra4 31. Rc2 b5 32. c4 Ra3+ 33. Kd2 bxc4 34. Rxc4+ Kd5 35. Rc2 Kxd4 36. Kc1 Rc3 37. Kb2 Rxc2+ 38. Kxc2 f4 39. Kb3 e5 40. Kc2 e4 41. h4 h5 42. Kd2 f5 43. g3 fxg3 44. fxg3 a4 45. Kc2 Kd5 46. Kd1 Ke5 0-1

[Event "Olympiad-38"]
[Site "Dresden"]
[Date "2008.11.23"]
[Round "10"]
[White "Mathews, Bryan"]
[Black "Chung, Soonhun"]
[Result "1-0"]
[WhiteElo "2032"]
[BlackElo "1828"]
[PlyCount "59"]
[EventDate "2008.11.13"]
[EventType "team-swiss"]
[EventRounds "11"]
[EventCountry "GER"]
[SourceTitle "CBM 128"]
[Source "ChessBase"]
[SourceDate "2009.01.28"]
[SourceVersion "1"]
[SourceVersionDate "2009.01.28"]
[SourceQuality "1"]
[WhiteTeam "Panama"]
[BlackTeam "South Korea"]
[WhiteTeamCountry "PAN"]
[BlackTeamCountry "KOR"]

1. e4 e6 2. d4 d5 3. Nd2 dxe4 4. Nxe4 Nd7 5. Nf3 Ngf6 6. Bg5 Be7 7. Nxf6+ Bxf6 8. Bxf6 Nxf6 9. Bd3 0-0 10. Qe2 b6 11. 0-0-0 Bb7 12. Ne5 Qe7 13. Rhg1 c5 14. dxc5 Qxc5 15. g4 Rad8 16. g5 Nd5 17. Bxh7+ Kxh7 18. Qh5+ Kg8 19. g6 fxg6 20. Rxg6 Nf4 21. Rxg7+ Kxg7 22. Qg5+ Kh7 23. Rxd8 Rxd8 24. Qh4+ Kg7 25. Qxf4 Qe7 26. Qg4+ Kh7 27. Qg6+ Kh8 28. Nf7+ Qxf7 29. Qxf7 Bd5 30. Qf6+ 1-0

[Event "Olympiad-38"]
[Site "Dresden"]
[Date "2008.11.15"]
[Round "3"]
[White "Mathews, Bryan"]
[Black "Yilmaz, Mustafa"]
[Result "0-1"]
[WhiteElo "2032"]
[BlackElo "2387"]
[PlyCount "72"]
[EventDate "2008.11.13"]
[EventType "team-swiss"]
[EventRounds "11"]
[EventCountry "GER"]
[SourceTitle "CBM 128"]
[Source "ChessBase"]
[SourceDate "2009.01.28"]
[SourceVersion "1"]
[SourceVersionDate "2009.01.28"]
[SourceQuality "1"]
[WhiteTeam "Panama"]
[BlackTeam "Turkey"]
[WhiteTeamCountry "PAN"]
[BlackTeamCountry "TUR"]

1. e4 c5 2. Nf3 d6 3. d4 cxd4 4. Nxd4 Nf6 5. Nc3 a6 6. Be2 e5 7. Nb3 Be7 8. 0-0 0-0 9. a4 b6 10. f4 Bb7 11. Bf3 Nbd7 12. f5 Rc8 13. Qe1 Rc4 14. Bg5 Qa8 15. Be2 Rc7 16. Bd3 Re8 17. Rd1 Bf8 18. Nd2 h6 19. Bxf6 Nxf6 20. Qe2 Rd7 21. Bc4 Red8 22. Bd3 d5 23. exd5 Nxd5 24. Nxd5 Bxd5 25. Ne4 Bb7 26. f6 g6 27. h3 Rd4 28. Nc3 e4 29. Bc4 Qc8 30. Bb3 Qc5 31. Kh1 Qg5 32. Rxd4 Rxd4 33. Nb1 e3 34. c3 Rf4 35. Rxf4 Qxf4 36. Bd1 Bd6 0-1

[Event "Olympiad-38"]
[Site "Dresden"]
[Date "2008.11.14"]
[Round "2"]
[White "Laurent, Bruno"]
[Black "Mathews, Bryan"]
[Result "1-0"]
[WhiteElo "2370"]
[BlackElo "2032"]
[PlyCount "69"]
[EventDate "2008.11.13"]
[EventType "team-swiss"]
[EventRounds "11"]
[EventCountry "GER"]
[SourceTitle "CBM 128"]
[Source "ChessBase"]
[SourceDate "2009.01.28"]
[SourceVersion "1"]
[SourceVersionDate "2009.01.28"]
[SourceQuality "1"]
[WhiteTeam "Belgium"]
[BlackTeam "Panama"]
[WhiteTeamCountry "BEL"]
[BlackTeamCountry "PAN"]

1. e4 c5 2. Nf3 d6 3. c3 Nf6 4. Be2 Nc6 5. d4 cxd4 6. cxd4 g6 7. Nc3 Bg7 8. h3 0-0 9. 0-0 Nd7 10. Bg5 h6 11. Be3 a6 12. Rc1 b5 13. Qd2 Kh7 14. d5 Nce5 15. Nd4 Nb6 16. b3 Bb7 17. f4 Ned7 18. Nc6 Bxc6 19. dxc6 Nc5 20. Bf3 Qc7 21. Nd5 Nxd5 22. exd5 Rfd8 23. Qc2 e6 24. b4 Na4 25. dxe6 fxe6 26. Be4 d5 27. Bxg6+ Kh8 28. f5 e5 29. Qd2 d4 30. Bxh6 Bf6 31. Bg5 Qe7 32. Bxf6+ Qxf6 33. c7 Rdc8 34. Rc6 Qh4 35. Bh5 1-0